| 000 | 00389nam a2200133Ia 4500 | ||
|---|---|---|---|
| 008 | 220204s9999 xx 000 0 und d | ||
| 082 |
_a575:577.218 _bDNY |
||
| 245 | 0 | _aRecent trends and contacts between cytogenetics, embryology and morphology. | |
| 260 |
_aNew Delhi _bToday &Tomorrow _c1978 |
||
| 650 | _aCytogenetics | ||
| 650 | _aEmbryology | ||
| 700 | _aDNYANSAGAR, V R | ||
| 942 | _cBK | ||
| 999 |
_c36077 _d36077 |
||